Eco-Business : A Big-Brand Takeover of Sustainability / (Record no. 1742)

000 -LEADER
fixed length control field 01366cam a2200301 i 4500
001 - CONTROL NUMBER
control field 17393581
003 - CONTROL NUMBER IDENTIFIER
control field OSt
005 - DATE AND TIME OF LATEST TRANSACTION
control field 20150504121533.0
008 - FIXED-LENGTH DATA ELEMENTS--GENERAL INFORMATION
fixed length control field 120719s2013 maua b 001 0 eng
010 ## - LIBRARY OF CONGRESS CONTROL NUMBER
LC control number 2012026833
020 ## - INTERNATIONAL STANDARD BOOK NUMBER
International Standard Book Number 9780262018760 (hardcover : alk. paper)
040 ## - CATALOGING SOURCE
Original cataloging agency DLC
Language of cataloging eng
Transcribing agency DLC
Description conventions rda
Modifying agency DLC
042 ## - AUTHENTICATION CODE
Authentication code pcc
050 00 - LIBRARY OF CONGRESS CALL NUMBER
Classification number HC79.D346 2013
082 00 - DEWEY DECIMAL CLASSIFICATION NUMBER
Classification number 658.4/083
Edition number 23
100 1# - MAIN ENTRY--PERSONAL NAME
Personal name Dauvergne, Peter.
245 10 - TITLE STATEMENT
Title Eco-Business : A Big-Brand Takeover of Sustainability /
Statement of responsibility, etc Peter Dauvergne and Jane Lister.
260 ## - PUBLICATION, DISTRIBUTION, ETC. (IMPRINT)
Place of publication, distribution, etc Massachusetts
Name of publisher, distributor, etc MIT Press
Date of publication, distribution, etc 2013
300 ## - PHYSICAL DESCRIPTION
Extent x, 194 pages :
Other physical details illustrations ;
Dimensions 21 cm
504 ## - BIBLIOGRAPHY, ETC. NOTE
Bibliography, etc Includes bibliographical references and index.
505 0# - FORMATTED CONTENTS NOTE
Formatted contents note Acknowledgments -- Acronyms -- The politics of big brand sustainability -- The eco-business setting -- The eco-business market advantage -- Eco-business tools of supply chain power -- The supply chain eco-business of brand growth -- Eco-business governance -- Bibliographical references -- Index.
650 #0 - SUBJECT ADDED ENTRY--TOPICAL TERM
Topical term or geographic name as entry element Sustainable development.
650 #0 - SUBJECT ADDED ENTRY--TOPICAL TERM
Topical term or geographic name as entry element Branding (Marketing)
700 1# - ADDED ENTRY--PERSONAL NAME
Personal name Lister, Jane.
906 ## - LOCAL DATA ELEMENT F, LDF (RLIN)
a 7
b cbc
c orignew
d 1
e ecip
f 20
g y-gencatlg
942 ## - ADDED ENTRY ELEMENTS (KOHA)
Source of classification or shelving scheme
Koha item type Book
Holdings
Withdrawn status Lost status Source of classification or shelving scheme Damaged status Not for loan Home library Current library Shelving location Date acquired Total Checkouts Full call number Barcode Checked out Date last seen Date checked out Copy number Price effective from Koha item type
          Riara University Library Riara University Library General stack 04/05/2015 8 HC79.D346 2013 5775/15 03/10/2019 09/09/2019 09/09/2019 C.1 04/05/2015 Book

Riara University Library,
P.O. Box 49940-00100,
Nairobi, Kenya.